Obálka Náhled e-knihy:
Epub
Pro půjčování e-knih musíte být přihlášeni.
Jak si půjčit online?

Ateliér Rosen. Modistky z Tržní uličky /

Úvodní kniha romantické série ze světa módy v Německu první poloviny 19. století.

Uloženo v:
Série:Ateliér Rosen, část 1
Hlavní autor: Jacobs, Anne, 1950- (Autor)
Další autoři: Kufnerová, Zlata, 1935- (Autor)
Médium: E-kniha
Jazyk:Czech
Vydáno: Praha : Ikar, 2022
Vydání:Vydání první
Témata:
On-line přístup:Plný text - pro registrované uživatele NK ČR
Příbuzné jednotky:Přeloženo z: Atelier Rosen
Z cyklu:: Ateliér Rosen
Tagy:
Žádné tagy
LEADER 02786nam a2200481 i 4500
001 311793
003 CZ PrSKC
005 20260601215712.0
007 ta
008 221006s2022 xr g 000 f cze
015 |a cnb003427356 
020 |a 9788024948591  |q (vázáno) 
035 |a (OCoLC)1354197021 
040 |a ABG001  |b cze  |e rda 
041 1 |a cze  |h ger 
072 7 |a 821.112.2-3  |x Německá próza, německy psaná  |2 Konspekt 
080 |a 821.112.2-31  |2 MRF 
080 |a (0:82-31)-055.2  |2 MRF 
100 1 |a Jacobs, Anne,  |d 1950-  |7 xx0217622  |4 aut 
240 1 0 |a Frauen aus der Marktgasse.  |l Česky 
245 1 0 |a Ateliér Rosen.  |p Modistky z Tržní uličky /  |c Anne Jacobsová alias Marie Lamballe ; z německého originálu Atelier Rosen, Die Frauen aus der Marktgasse ... přeložila Zlata Kufnerová 
246 3 0 |a Modistky z Tržní uličky 
250 |a Vydání první 
264 1 |a Praha :  |b Ikar,  |c 2022 
300 |a 375 stran ;  |c 24 cm 
336 |a text  |b txt  |2 rdacontent 
337 |a bez média  |b n  |2 rdamedia 
338 |a svazek  |b nc  |2 rdacarrier 
520 2 |a Úvodní kniha romantické série ze světa módy v Německu první poloviny 19. století.  |b Kassel, 1830. Dvacetiletá Elisa Rosenová provozuje se svou matkou a babičkou malý modistický ateliér v Tržní uličce. Její kloboukové kreace jsou velice žádané a otvírají jim dveře do nejvyšších společenských kruhů. Tak se Elisa jednoho dne seznámí s mladou Sybillou von Schönhoff, s níž se brzy velmi spřátelí. Když se do Elisy bezhlavě zamiluje Sybillin snoubenec, vede to k těžkému konfliktu, který ji přivede na stopu dlouho střeženého tajemství - což má pro Elisu i pro budoucnost Ateliéru Rosen netušené následky. Nakladatelská anotace. 
655 7 |a německé romány  |7 fd132945  |2 czenas 
655 7 |a romány pro ženy  |7 fd187897  |2 czenas 
655 9 |a German fiction  |2 eczenas 
655 9 |a women's novels  |2 eczenas 
700 1 |a Kufnerová, Zlata,  |d 1935-  |7 jk01070689  |4 trl 
765 0 |t Atelier Rosen 
787 0 8 |i Z cyklu:  |t Ateliér Rosen  |g 1 
856 4 1 |u https://www.bookport.cz/AccountSaml/SignIn/?idp=https%3A%2F%2Fshibboleth.nkp.cz%2Fidp%2Fshibboleth&returnUrl=/kniha/atelier-rosen-1-atelier-rosen-13439/  |y Plný text - pro registrované uživatele NK ČR  |4 N 
900 |a ABA001  |b 21 
928 9 |a Euromedia Group - Ikar 
044 |a xr 
910 |a RBIT002 
998 |d 365629  |a https://core.palmknihy.cz/api/books/365629/cover?rmtw1d  |b https://core.palmknihy.cz/api/books/365629/cover/400?rmtw1d  |c https://core.palmknihy.cz/api/books/365629/cover/50?rmtw1d  |e 2026-12-08  |g 376  |i 9788024948591  |j https://core.palmknihy.cz/api/books/365629/preview.epub  |l   |q 49  |r 1  |s https://www.palmknihy.cz/kniha/365629  |t ebook  |y 2022  |z 0  |v Ateliér Rosen  |w 1 
999 |d 311791